LEADER 01207nam 2200265z- 450 001 9910694023303321 005 20070719082958.0 035 $a(CKB)5860000000024711 035 $a(BIP)013663256 035 $a(EXLCZ)995860000000024711 100 $a20220406c2006uuuu -u- - 101 0 $aeng 200 10$aHealthier feds and families $eintroducing information technology into the Federal Employees Health Benefits Program : hearing before the Subcommittee on the Federal Workforce and Agency Organization of the Committee on Government Reform, House of Representatives, One Hundred Ninth Congress, second session, on H.R. 4895 ... March 15, 2006 215 $a1 online resource (iii, 177 p.) $cill 311 $a0-16-076262-6 517 $aHealthier feds and families 606 $aMedical records$xLaw and legislation$zUnited States 610 $aMedical records 610 $aMedical 615 0$aMedical records$xLaw and legislation 712 02$aUnited States, Congress House Committee on Government Reform Subcommittee on the Federal Workforce and Agency Organization Staff,$4oth 906 $aBOOK 912 $a9910694023303321 996 $aHealthier feds and families$93172253 997 $aUNINA